00515nam a2200193Ia 4500003000400000005001700004008004100021020001800062040000700080041000800087082001900095100001700114245009300131260003000224300001400254365001300268650002500281650001500306OSt20230524155400.0210423s2007 xx 000 0 und d a81-312-0699-8 cAL aeng a658.4 KNEC223 aKNELL (Alex) aCorporate governance: how to add value to your company a practical implementation guide. aNew DelhibElsevierc2007 ax,317bPB b395cINR aExecutive Management aManagement